Missing Word: Ben Stiller (A-Z) Quiz Stats

 Plays Quiz Updated Nov 21, 2016

Also try: Ben Stiller Movies
Challenge
Share
Tweet
Embed
Score 0/21 Timer 03:00
1 Play Today
Movie Word % Correct
_____ Came PollyAlong
98%
_____ at the MuseumNight
97.8%
There's _____ About MarySomething
96.8%
Starsky & _____Hutch
95.4%
Meet the _____Parents
92%
Black and _____White
90.2%
Anchorman: The _____ of Ron BurgundyLegend
85%
The Heartbreak _____Kid
82.5%
Happy _____Gilmore
81.8%
_____ ThunderTropic
81.6%
Dodgeball: A True _____ StoryUnderdog
81.4%
Movie Word % Correct
The _____ TenenbaumsRoyal
77.3%
_____ Friends & NeighborsYour
75.1%
Reality _____Bites
74.8%
Madagascar: _____ 2 AfricaEscape
73.1%
The _____ GuyCable
67.5%
Keeping the _____Faith
67.5%
Flirting With _____Disaster
58.4%
Mystery _____Men
51.1%
_____ Lucy FellIf
39.9%
_____ EffectZero
38.2%

Today's Daily Dose

You're not logged in!

Compare scores with friends on all Sporcle quizzes.
Join for Free
OR
Log In

You Might Also Like...

Show Comments

Extras

Top Quizzes Today


Score Distribution

Your Account Isn't Verified!

In order to create a playlist on Sporcle, you need to verify the email address you used during registration. Go to your Sporcle Settings to finish the process.

Report this User

Report this user for behavior that violates our Community Guidelines.

Details: